<?xml version="1.0" encoding="UTF-8"?>
<record
    xmlns:xsi="http://www.w3.org/2001/XMLSchema-instance"
    xsi:schemaLocation="http://www.loc.gov/MARC21/slim http://www.loc.gov/standards/marcxml/schema/MARC21slim.xsd"
    xmlns="http://www.loc.gov/MARC21/slim">

  <leader>03586nam a2200421 a 4500</leader>
  <controlfield tag="003">CHAP</controlfield>
  <controlfield tag="005">20250506110514.0</controlfield>
  <controlfield tag="007">ta</controlfield>
  <controlfield tag="008">230925s2022    mx ado|fom||| 001 0 spa d</controlfield>
  <datafield tag="040" ind1=" " ind2=" ">
    <subfield code="e">rda</subfield>
  </datafield>
  <datafield tag="041" ind1=" " ind2=" ">
    <subfield code="a">spa</subfield>
    <subfield code="b">eng</subfield>
  </datafield>
  <datafield tag="100" ind1="1" ind2=" ">
    <subfield code="9">188018</subfield>
    <subfield code="a">Garc&#xED;a Cala, Ana Alejandra</subfield>
  </datafield>
  <datafield tag="245" ind1="1" ind2="0">
    <subfield code="a">Propuesta de un manual de mantenimiento para una empacadora de hortalizas /  </subfield>
    <subfield code="c">Ana Alejandra Garc&#xED;a Cala</subfield>
  </datafield>
  <datafield tag="264" ind1=" " ind2=" ">
    <subfield code="a">Chapingo, M&#xE9;xico :</subfield>
    <subfield code="b">El autor,</subfield>
    <subfield code="c">2022</subfield>
  </datafield>
  <datafield tag="300" ind1=" " ind2=" ">
    <subfield code="a">1 recurso en l&#xED;nea (vi, 113 p&#xE1;ginas) :</subfield>
    <subfield code="b">ilustraciones, gr&#xE1;ficas, diagramas, fotos, tablas</subfield>
  </datafield>
  <datafield tag="336" ind1=" " ind2=" ">
    <subfield code="2">rdacontent</subfield>
    <subfield code="a">texto</subfield>
    <subfield code="b">txt</subfield>
  </datafield>
  <datafield tag="337" ind1=" " ind2=" ">
    <subfield code="2">rdamedia</subfield>
    <subfield code="a">computadora</subfield>
    <subfield code="b">c</subfield>
  </datafield>
  <datafield tag="338" ind1=" " ind2=" ">
    <subfield code="2">rdacarrier</subfield>
    <subfield code="a">recurso en l&#xED;nea</subfield>
    <subfield code="b">cr</subfield>
  </datafield>
  <datafield tag="502" ind1=" " ind2=" ">
    <subfield code="a">Memoria de Experiencia Profesional</subfield>
    <subfield code="b">IA</subfield>
    <subfield code="c">Agroindustrias</subfield>
    <subfield code="d">2022</subfield>
    <subfield code="g">LIC</subfield>
  </datafield>
  <datafield tag="504" ind1=" " ind2=" ">
    <subfield code="a">Bibliograf&#xED;a: p&#xE1;ginas 46-48</subfield>
  </datafield>
  <datafield tag="520" ind1="3" ind2=" ">
    <subfield code="a">En el presente documento se presenta una propuesta de un manual de mantenimiento para una empacadora de hortalizas, para llevar a cabo dicho documento se ejecut&#xF3; un proyecto que incluyo dos etapas fundamentales, en la primera etapa se realiz&#xF3; un levantamiento de informaci&#xF3;n, para conocer la situaci&#xF3;n actual de la empresa. La segunda etapa consisti&#xF3; en elaboraci&#xF3;n de un manual de mantenimiento con un enfoque en inocuidad con la finalidad de mantener en buenas condiciones las instalaciones y equipos, adem&#xE1;s, de salvaguardar la inocuidad alimentaria. El manual propone sistematizar atreves de una serie de medidas organizativas tales como organigramas, programas de capacitaci&#xF3;n, programas de mantenimiento a equipos e instalaciones, lo que permitir&#xE1; tener un mejor control de las acciones ejecutadas, adem&#xE1;s se estableci&#xF3; una propuesta de auditoria interna la que permitir&#xE1; comprobar que el manual esta implementado y se llevan las actividades de acuerdo a lo establecido en este.</subfield>
  </datafield>
  <datafield tag="520" ind1="3" ind2=" ">
    <subfield code="a">This document presents a proposal for a maintenance manual for a vegetable baler,to carry out this document a project was executed that included two fundamental stages, in the first stage an information survey was carried out, to know the current situation of the company. The second stage consisted of the development of a maintenance manual with a focus on safety in order to maintain the facilities and equipment in good condition, in addition to safeguarding food safety. The manual proposes to systematize through a series of organizational measures such as organizational charts, training programs, maintenance programs for equipment and facilities, which will allow better control of the actions carried out, in addition an internal audit proposal was established which will allow to verify that the manual is implemented and the activities are carried out in accordance with the provisions of it.</subfield>
  </datafield>
  <datafield tag="650" ind1="1" ind2="3">
    <subfield code="9">150530</subfield>
    <subfield code="a">Verduras  </subfield>
    <subfield code="2">atg</subfield>
  </datafield>
  <datafield tag="650" ind1="1" ind2="3">
    <subfield code="9">148852</subfield>
    <subfield code="a">Gesti&#xF3;n administrativa  </subfield>
    <subfield code="2">atg</subfield>
  </datafield>
  <datafield tag="650" ind1="1" ind2="3">
    <subfield code="9">155065</subfield>
    <subfield code="a">ARPCC  </subfield>
    <subfield code="2">atg</subfield>
  </datafield>
  <datafield tag="650" ind1="1" ind2="3">
    <subfield code="9">58836</subfield>
    <subfield code="a">Inocuidad alimentaria</subfield>
    <subfield code="2">atg</subfield>
  </datafield>
  <datafield tag="650" ind1="1" ind2="3">
    <subfield code="9">146987</subfield>
    <subfield code="a">Equipo, mantenimiento y reparaci&#xF3;n  </subfield>
    <subfield code="2">atg</subfield>
  </datafield>
  <datafield tag="650" ind1="1" ind2="3">
    <subfield code="9">151808</subfield>
    <subfield code="a">Vegetables  </subfield>
    <subfield code="2">atg</subfield>
  </datafield>
  <datafield tag="650" ind1="1" ind2="3">
    <subfield code="9">148850</subfield>
    <subfield code="a">Administrative management</subfield>
    <subfield code="2">atg</subfield>
  </datafield>
  <datafield tag="650" ind1="1" ind2="3">
    <subfield code="9">142969</subfield>
    <subfield code="a">HACCP </subfield>
    <subfield code="2">atg</subfield>
  </datafield>
  <datafield tag="650" ind1="1" ind2="3">
    <subfield code="9">148388</subfield>
    <subfield code="a">Food safety  </subfield>
    <subfield code="2">atg</subfield>
  </datafield>
  <datafield tag="650" ind1="1" ind2="3">
    <subfield code="9">146986</subfield>
    <subfield code="a">Equipment, maintenance and repair</subfield>
    <subfield code="2">atg</subfield>
  </datafield>
  <datafield tag="700" ind1="1" ind2=" ">
    <subfield code="9">147338</subfield>
    <subfield code="a">Reyna Izaguirre, Diana Am&#xE9;rica</subfield>
    <subfield code="e">directora</subfield>
  </datafield>
  <datafield tag="700" ind1="1" ind2=" ">
    <subfield code="9">79600</subfield>
    <subfield code="a">Mu&#xF1;oz G&#xF3;mez, Francisco</subfield>
    <subfield code="e">asesor</subfield>
  </datafield>
  <datafield tag="700" ind1="1" ind2=" ">
    <subfield code="9">67746</subfield>
    <subfield code="a">L&#xF3;pez Cante&#xF1;s, Gilberto de Jes&#xFA;s</subfield>
    <subfield code="e">asesor</subfield>
  </datafield>
  <datafield tag="856" ind1=" " ind2=" ">
    <subfield code="u">http://10.13.5.2/tesis/tl/2022-GARCIA_CALA_ANA_ALEJANDRA.pdf</subfield>
    <subfield code="z">DESCARGAR PDF</subfield>
  </datafield>
  <datafield tag="942" ind1=" " ind2=" ">
    <subfield code="2">Clasificaci&#xF3;n Universidad Aut&#xF3;noma Chapingo</subfield>
    <subfield code="c">TD</subfield>
  </datafield>
  <datafield tag="999" ind1=" " ind2=" ">
    <subfield code="c">219177</subfield>
    <subfield code="d">219177</subfield>
  </datafield>
  <datafield tag="952" ind1=" " ind2=" ">
    <subfield code="0">0</subfield>
    <subfield code="1">0</subfield>
    <subfield code="2">local</subfield>
    <subfield code="4">0</subfield>
    <subfield code="7">0</subfield>
    <subfield code="8">TesDigL</subfield>
    <subfield code="a">IA_</subfield>
    <subfield code="b">IA_</subfield>
    <subfield code="c">E_L</subfield>
    <subfield code="d">2023-09-26</subfield>
    <subfield code="e">El autor</subfield>
    <subfield code="l">0</subfield>
    <subfield code="p">1201013778</subfield>
    <subfield code="r">2023-09-26 00:00:00</subfield>
    <subfield code="w">2023-09-26</subfield>
    <subfield code="y">TD</subfield>
  </datafield>
  <datafield tag="952" ind1=" " ind2=" ">
    <subfield code="0">0</subfield>
    <subfield code="1">0</subfield>
    <subfield code="2">local</subfield>
    <subfield code="4">0</subfield>
    <subfield code="5">1</subfield>
    <subfield code="7">0</subfield>
    <subfield code="8">TesDigL</subfield>
    <subfield code="a">BD</subfield>
    <subfield code="b">BD</subfield>
    <subfield code="c">E_L</subfield>
    <subfield code="d">2024-06-11</subfield>
    <subfield code="e">El autor</subfield>
    <subfield code="l">0</subfield>
    <subfield code="o">Tesis digital</subfield>
    <subfield code="p">1301013778</subfield>
    <subfield code="r">2024-06-11 00:00:00</subfield>
    <subfield code="w">2024-06-11</subfield>
    <subfield code="y">TD</subfield>
  </datafield>
</record>
